Music Quiz

Random Music or Lyrics Quiz

Wisdom From Music Quiz Stats

Quiz Updated Mar 16, 2012

Challenge
Share
Tweet
Embed
Score 0/27 Timer 09:00
3 Plays Today
Lyric Song % Correct
Some will win, some will lose, some were born to sing the blues.Don't Stop Believin'
70.9%
If you try sometimes, you just might find, you get what you need.You Can't Always Get What You Want
62.8%
You got to know when to hold them, know when to fold them, know when to walk away, and know when to run.The Gambler
59.9%
It's a fool who plays it cool by making his world a little colder.Hey Jude
53.2%
Sometimes words have two meanings.Stairway to Heaven
45.4%
Fathers be good to your daughters, daughters will love like you do. Girls become lovers, who turn into mothers, so mothers be good to your daughters, too.Daughters
40.7%
I hope I die before I get old.My Generation
40.7%
Freedom is just another word for nothing left to lose. Nothing ain't nothing, but it's free.Me & Bobby McGee
39.1%
You better let somebody love you, before it's too late.Desperado
38.4%
Someone told me long ago, there's a calm before the storm.Have You Ever Seen The Rain
36.9%
Every new beginning comes from some other beginning's end.Closing Time
35.5%
I hope when I get old I don't sit around thinking about it, but I probably will.Glory Days
30.1%
Everybody needs somebody, you're not the only one.November Rain
29.5%
When you think you've had too much of this life, well hang on.Everybody Hurts
29.4%
Lyric Song % Correct
All lies and jest, still a man hears what he wants to hear and disregards the rest.The Boxer
28.6%
What goes up, must come down.Learning to Fly
28.5%
What is a man, what has he got, if not himself, then he has naught.My Way
27.6%
Watch what you say or they'll be calling you a radical, liberal, fanatical, criminal.The Logical Song
26.4%
The love you take is equal to the love you make.The End
24.6%
You got to do what you can, and let Mother Nature do the rest.Paradise By The Dashboard Light
23.6%
The things that pass for knowledge, I can’t understand.Reelin' In The Years
21.7%
If you want to kiss the sky better learn how to kneel.Mysterious Ways
17.7%
Only you can set you free.Cult Of Personality
15.7%
You are young, and life is long, and there is time to kill today.Time
14.1%
If you choose not to decide, you still have made a choiceFreewill
13.8%
Well it's all right, remember to live and let live. Well it's all right, the best you can do is forgive.End Of The Line
10.9%
We all have wings, but some of us don't know why.Never Tear Us Apart
10.1%

You're not logged in!

Compare scores with friends on all Sporcle quizzes.
Join for Free
OR
Log In

You Might Also Like...

Show Comments

Extras

Top Quizzes Today


Score Distribution

Your Account Isn't Verified!

In order to create a playlist on Sporcle, you need to verify the email address you used during registration. Go to your Sporcle Settings to finish the process.

Report this User

Report this user for behavior that violates our Community Guidelines.

Details: